| 000 | 00727cam a2200205 i 4500 | ||
|---|---|---|---|
| 999 |
_c12641 _d12641 |
||
| 003 | OSt | ||
| 005 | 20240430200419.0 | ||
| 008 | 171101s2018 nyua b 001 0 eng | ||
| 020 | _a9781138055988 (pbk. : alk. paper) | ||
| 041 | 1 |
_aeng _hpol |
|
| 082 | 0 | 0 |
_a720.72 _223 |
| 100 | 1 |
_aNiezabitowska, Elżbieta, _eauthor. |
|
| 240 | 1 | 0 |
_aMetody i techniki badawcze w architekturze. _lEnglish |
| 245 | 1 | 0 |
_aResearch methods and techniques in architecture / _cElzbieta Niezabitowska. |
| 300 |
_axix, 530 pages : _bill. ; _c24 cm. |
||
| 504 | _aIncludes bibliographical references and indexes. | ||
| 650 | 0 |
_aArchitecture _xResearch. |
|
| 700 | 1 |
_aNiezabitowska, Elżbieta. _tMetody i techniki badawcze w architekturze. |
|
| 942 | _2ddc | ||